| 000 | 00326nam a2200133 i 4500 | ||
|---|---|---|---|
| 001 | bg | ||
| 100 | 1 | _aWISZNIEWSKI, Andrzej | |
| 245 | 0 |
_aPrzekĊadniki w elektroenergetyce / _cAndrzej Wiszniewski. |
|
| 260 |
_aWarszawa, _c1982. |
||
| 040 | _cBPK | ||
| 041 | _apol | ||
| 942 | _cKS | ||
| 008 | s pl f |000 0 pol | ||
| 999 |
_c20743 _d20743 |
||
| 856 |
_uhttp://koha.tu.koszalin.pl/cgi-bin/koha/opac-detail.pl?biblionumber=20743 _yKatalog online BPK |
||